000 00496nam a2200205Ia 4500
005 20240527055934.0
008 240331s9999 xx 000 0 und d
020 _a817099294X
082 _bSIN
_a335
100 _aSingh, R.S
100 _aSingh Champa
245 0 _aIndian communism :
_bits role towards Indian polity
250 _a1 st
260 _aNew Delhi
_bMittal Publications
_c1991
300 _a169 p .,
500 _a
650 _aPolitics
650 _aSocial
942 _cL
999 _c2733
_d2733